00824nam a22001577a 4500999001900000008004100019100003600060245003200096260001200128300002800140520036000168773001200528906001600540942000700556952010300563 c520125d520125220702b ||||| |||| 00| 0 eng d aDadhick, Balendu Sharma 931805 aDecoding modern tech terms  aYojana  a66(6), Jun, 2022: p.7-9 aThis is the era of path-breaking innovation invention, and products showcasing the use of technology. These products startle us with their capabilities and possibilities. While artificial intelligence. Quantum, cloud computing, and blockchain were making a mark till recently, NFTs and met averse are added to he list of these buzzwords. – Reproduced  aYojana  aINNOVATIONS cAR 00102ddc40709394195aIIPAbIIPAd2022-07-02h66(6), Jun, 2022: p.7-9pAR126789r2022-07-02yAR